000 00466nam a2200181Ia 4500
001 25052
005 20260414151124.0
008 260414t2015||||xx |||||||||||||| ||spa||
041 _aESP
082 _a346.13
_bG67 V. 3 2015
100 _aGonzales Barrón, Gunther Hernán
_eAUT
245 0 _aDerecho registral y notarial
_b
260 _c2015
300 _axxxvii, páginas : 1427-1895
_c25 cm.
650 _aDER
654 _aCDE
942 _cLIB
_dJUS
_fJUS
_2ddc
_n
999 _c25052
_d25052